Quizzes
Events
Quiz Creation
Community
Videos
Private Events
Remove Ads
Sign In
Join for FREE
Feedback
Dark Mode
Quiz Categories
Sports
Geography
Music
Movies
Television
Just For Fun
Miscellaneous
History
Literature
Language
Science
Gaming
Entertainment
Religion
Holiday
For Kids
Quiz Lab
Recent
Popular Today
Quiz Kudos Today
Editor Picks
Curator Picks
Quizzes by...
Day
Popularity
Type
Ratings
Length
Year
Community
Subscriptions
Recent Discussions
Orange Saloon
Badges
Playlists
Quests
Create
Leaderboards
Showdown
Live 5
Trivia Bingo
Activity
Puzzle Library
Sporcle Events
Private Events
Virtual Trivia
Globe League
Become a Host
Pub Owners
SporcleCon
Opinionation
Our Games
Videos
Blog
Mobile Apps
Partnerships
Remove Ads and Go Orange
Feedback
History
US Presidents
World Leaders
Politics
Nation
Discovery
War
Decade
Year
Century
Biography
Art
History
US Presidents
World Leaders
Politics
Nation
Discovery
War
Decade
Year
Century
Biography
Art
Random Quiz
Search Sporcle
×
Quiz Lab
Quiz Lab
History
Murderer
Type in answers that appear in a list
Type in answers that appear in a list
Classic
Best Score? Go Orange.
Zodiac or Astronomer Stats
Can you name the Zodiac or Astronomer?
By
abacabgenesis
2m
14 Questions
29 Plays
29 Plays
29 Plays
Comments
Comments
Give Quiz Kudos
Give Quiz Kudos
-
- Ratings
hide this ad
More Info
Forced Order
Answers have to be entered in order
Answers have to be entered in order
Minefield
Wrong answers will end the quiz
Wrong answers will end the quiz
Wrong Answers
Some wrong answers will appear in red
Some wrong answers will appear in red
Replay
Link that replays current quiz
Next Quiz
Link to next quiz in quiz playlist
You Got
0%
They Got
Avg Score
97%
Avg Friend Score
Upgrade to see
Score Distribution
Jump to the score distribution portion of the page
Score
0/14
Timer
02:00
0
Plays Today
Name
Victim or Astronomer
% Correct
David Faraday
???
100%
Henry Drayper
???
100%
Robert Wilson
???
100%
Paul Stine
???
100%
George Hale
???
96.6%
Betty Lou Jenson
???
96.6%
Margaret Burbidge
???
96.6%
Name
Victim or Astronomer
% Correct
Kathleen Johns
???
96.6%
Cecilia Ann Shephard
???
96.6%
Mike Brown
???
96.6%
Bernhard Shmidt
???
96.6%
Clyde Tombaugh
???
96.6%
Bryan Calvin Hartnell
???
96.6%
Micheal Renault Mageau
???
96.6%
Quiz Playlist
Details
Report
Send in Message
Add To Playlist
More Info:
Answer if the person is A, an astronomer, or Z, a victim or suspected victim of the Zodiac killer
Classic:
Type in answers that appear in a list
Forced Order:
Answers have to be entered in order
Minefield:
Wrong answers will end the quiz
Wrong Answers:
Some wrong answers will appear in red
Quiz Source
Last Updated: Feb 16, 2017
Quiz Scoreboard
CHALLENGE
Sign Up to Join the Scoreboard
Show All
Scores
Hide
Comments
May contain spoilers
Recently Published
One Thing in Common: World Cities II
by knightlancer
Geography
7m
Popular People in 1961
by mucciniale
History
6m
1-10 Letter E Words III
by El_Dandy
Language
2m
More to Explore
Quiz From the Vault
Featured Blog Post
Where Did the Easter Bunny Come From?
hide this ad
You Might Also Like...
Tags
California
Killer
Murder
Murdered
Murderer
Zodiac
Today's Top Quizzes in History
Browse History
hide this ad
Top Contributed Quizzes in History
1
Popular People in 1991
2
Popular People in 1981
3
Popular People in 1951
4
Popular People in 1941
5
Popular People in 1986
6
Popular People in 1921
7
Popular People in 1976
8
Popular People in 1946
9
Popular People in 1936
10
I Am Born On March 28th
Explore More
Trending Topics
Disney
Anime
Harry Potter
Kpop
Marvel
Crossword
NBA
WWE
Song
Soccer
The Office
Puzzle
Pokémon
NFL
Country
hide this ad
More By:
abacabgenesis
Quiz
Plays
Rating
Category
Featured
Created
calvin and hobbes
203
3.00
Literature
Oct 14, 2012
Pokeball prices
45
1.00
Gaming
Oct 14, 2012
Zodiac or Astronomer
29
1.00
History
Oct 16, 2012
Go to Creator's Profile
Score Distribution
Quiz Creator Spotlight
abacabgenesis
Follow
Send a Message
Quizzes Created
-
Created Quiz Play Count
-
More By This Creator
Popular Quizzes Today
1
Find the US States - No Outlines Minefield
2
The Countries of the World
3
Popular People in 1961
4
Find the Countries of Europe - No Outlines Minefield
5
1-10 Letter E Words III
6
Find the US States
7
One Thing in Common: World Cities II
8
US States
More History Quizzes
Memorable Women Born in 1907
Quiz Lab
Trending Quizzes
Country Music Stars Doing Things
Get the Picture: Carrie or Dolly
1-10 Letter F Words
1-10 Letter G Words
Risky Map Clicking: Next State Alphabetically
Recently Updated
Leaping Animals
pecheneg
Reality TV Shows (A-Z)
bhenderson79
Rickey Henderson's Hall of Fame Teammates
pecheneg
Champions League XIs: Arsenal
pecheneg
Quick Pick: Celebrities in WWE's Hall of Fame
aduchscher
A-Z Keypad Blitz II
pecheneg
Multiple Oscar Actors
pecheneg
Mystery Phrase Blitz: Oscar 'Best Actors'
pecheneg
F. Scott Fitzgerald Novels
LTH
Pick 3 Villains
ddd62291
Trending Topics
Anime
Crossword
NBA
Harry Potter
Marvel
Kpop
Disney
The Office
Song
Soccer
WWE
Puzzle
NFL
Pokémon
Country
Your Account Isn't Verified!
In order to create a playlist on Sporcle, you need to verify the email address you used during registration. Go to your
Sporcle Settings
to finish the process.
Report this User
Report this user for behavior that violates our
Community Guidelines
.
Details:
Send Report
Go to the Sporcle.com Mobile Site →
Comments